000 nam a22 7a 4500
999 _c7612
_d7612
008 170922b xxu||||| |||| 00| 0 eng d
100 _94116
_aBrar.T.S.
245 _aTrack & Field
260 _aNew Delhi
_bF.P.
_c2004